000 00333nam a2200133Ia 4500
008 240624s9999 xx 000 0 und d
041 _aeng
082 _a823 DEL
100 _aDELINSKY BARBARA
245 _aCARPENTER S LADY
260 _c2009
_aNew York
_bHarper Collins Publishers
300 _a332 : p. : cm. ; 17
365 _c
_b20
999 _c13775
_d13775